000 02762nam a22003017a 4500
005 20170421084024.0
008 130419s1603||||it |||fr|||||001|0|lat|d
040 _aCo-BoUCM
_bspa
_cSandra Yazo (modificó)
_dSandra Yazo (modificó)
041 0 _alat
082 0 4 _a344
_220
092 _aE06N059
100 1 _aAzzi, Tommaso
_941601
_c1561-15..
242 0 0 _aNuevos aspectos legales sobre la enfermedad, sus privilegios y efectos
_cde Tomás Azzi
_yspa
245 1 0 _cThomae Actii ...
_aTractatus novus legalis, de infirmitate ejusq; privilegiis, & effectibus ...
260 _aVenetiis [Venecia] (Italia)
_bApud Iuntas [Taller de los Giunta]
_c1603
300 _a[22], 280 páginas
_c24 x 17 cm.
500 _aDetalles físicos: Sin encuadernación original, actualmente encuadernación rígida (holandesa con esquinas) en cartón forrado en papel con lomo y esquineras de cuero. Lomo con tejuelos y adornos en dorado. Tapa delantera con endidura en borde vertical. Guardas. Conserva la portada con un grabado con emblema del editor, manchada y varias anotaciones manuscritas algunas tachadas. Dedicatoria. Versos de elogio al autor y su obra en latín y griego. Índice inicial. Remates. Mayúsculas capitales. Texto impreso en una columna con vario tipos y tamaños de letra. Sumarios y párrafos numerados. Signaturas y reclamos. Papel con deformación de plano y manchas. Págs. 131 - 137 con una mancha y perforación (quemadura). Págs. 277-279 con rotura en borde superior
505 2 _aSignificado de las palabras "enfermedad" y "dolencia" ; Enfermedad no es lo mismo que vicio ; La enfermedad en los animales y en los humanos ; Si hay enfermedad en los seres inanimados ; Las causas de la enfermedad ; Descripción de la enfermedad ; Las enfermedades del alma ; La locura ; El peligro de muerte ; La debilidad y las personas débiles ; Comparación de los ancianos con los enfermos ; Las mujeres embarazadas ; Los sordos y los mudos ; Impedimentos en general ; La enfermedad excusa, pero está bajo la ley ; El defensor de los enfermos ; Cómo probar la enfermedad
506 _aConsulta en sala
546 _aTexto en latín
650 7 _aEnfermedades
_xAspectos jurídicos
_xObras anteriores a 1800
_97563
650 7 _aEnfermos
_xAspectos juridicos
_xObras anteriores a 1800
_914526
650 7 _aEnfermos
_xAspectos morales
_xObras anteriores a 1800
_914526
650 7 _aDerecho de salud
_xObras anteriores a 1800
_926468
690 _aDerecho de salud
_926468
856 4 _uhttp://books.google.com.co/books?id=ZsdGAAAAcAAJ&printsec=frontcover&dq=tractatus+novus+legalis&hl=es&sa=X&ei=3nryUYapC4fs9ATBq4Fo&ved=0CFUQ6AEwBw#v=onepage&q=tractatus%20novus%20legalis&f=false
_zDisponible en línea
942 _cLIBRO
_e1
_a8
_2LOCAL
_hE06N059
999 _c71280
_d71280